000 00502nam a22001817a 4500
003 CEME
005 20210628205027.0
008 210203b xxu||||| |||| 00| 0 eng d
020 _a975-6426-03-9
040 _c.
082 _a297 HAR
100 _aYahya, Harun, Harun Yahya
_973473
245 _aWhy darwinism in incompatible with the quran
260 _aNEW DELHI
_bGLOBAL PUBLISHING
_c2003
300 _a145P
650 _aWHY DARWINISM IN INCOMPATIBLE WITH THE QURAN
_973500
942 _cBK
_2ddc
999 _c579220
_d579220